00395pab a2200133 454500008004600000100001900046245007800065260001500143300001300158362001200171650001900183700002100202773003800223180718b2010--2011 xxu||||| |||| 00| 0 eng d aCharumathi, B. aOn the determinants of interest rate swap usage by large Indian companies c2010--2011 ap.64-88. aOct-Mar aInterest rates aKota, Hima Bindu aJournal of Accounting and Finance